header

Towards successful learning (Record no. 144268)

MARC details
000 -LEADER
fixed length control field 01594nam a2200361 a 4500
082 04 - DEWEY DECIMAL CLASSIFICATION NUMBER
Classification number 370.15/23
100 1# - MAIN ENTRY--AUTHOR NAME
Personal name Pardoe, Diana.
245 10 - TITLE STATEMENT
Title Towards successful learning
250 ## - EDITION STATEMENT
Edition statement 2nd ed.
260 ## - PUBLICATION, DISTRIBUTION, ETC. (IMPRINT)
Place of publication London : New York :
Name of publisher Network Continuum,
Year of publication c2009.
300 ## - PHYSICAL DESCRIPTION
Number of Pages vii, 103 p. :
Other physical details col. ill.
505 0# - FORMATTED CONTENTS NOTE
Formatted contents note Introduction -- Setting the scene and learning about the learners -- What makes a successful learner? -- Exploring the learning process -- Putting the principles into practice : case studies -- Transferring responsibility : whose learning is it anyway?
650 #0 - SUBJECT ADDED ENTRY--TOPICAL TERM
Topical Term Learning.
Topical Term Effective teaching.
856 40 - ELECTRONIC LOCATION AND ACCESS
Uniform Resource Identifier http://site.ebrary.com/lib/rucke/Doc?id=10427670

No items available.

© 2026 Rongo University
Contact us: librarian | system librarian | Rongo university